Statistics for Napoleon Multiple Choice Quiz

Click here to take the quiz!

General Stats

  • This quiz has been taken 70 times
    (69 since last reset)
  • The average score is 14 of 16

Answer Stats

QuestionAnswer% Correct
What is Austerlitz known for?Napoleon's greatest battle victory
98%
What did he sell to the United States?the Louisiana Territory
98%
What was the Napoleonic Code?a set of progressive laws
95%
The disastrous campaign against which country proved to be a turning point in Napoleon's career?Russia
94%
Match three life destinations with their three associated islands!Birth: Corsica. 1st Exile: Elba. 2nd Exile: St. Helena
92%
Who crowned him Emperor of France?he did it himself
92%
What did Napoléon dissolve in 1806?the Holy Roman Empire
92%
Which discovery was made during an expedition in Egypt (1798-1801)?the Rosetta Stone
92%
Why was the seizure of Moscow not a victorious moment for the French army?the Russians had burned it down
90%
How tall was Napoleon by the standards of his time?average
86%
Why did the composer initially dedicate his works to him?he thought Napoleon was a paragon of democracy and enlightenment
84%
Which British admiral defeated the French and was killed at the Battle of Trafalgar in 1805?Horatio Nelson
84%
When Napoleon left France for good in 1815, who seized power?King Louis XVIII.
83%
Who dedicated his Symphony No. 3 to Napoleon, but later withdrew the dedication?Ludwig van Beethoven
78%
What was Napoleon's attitude towards Jews like?he gave them more rights
76%
Who tried to mount an epic film about Napoleon for years, before abandoning the project?Stanley Kubrick
41%

Score Distribution

Percentile by Number Answered

Percent of People with Each Score

Your Score History

You have not taken this quiz since the last reset